Abul Kalam Azad : (Record no. 128559)
[ view plain ]
| 000 -LEADER | |
|---|---|
| fixed length control field | 00814nam a22002417a 4500 |
| 005 - DATE AND TIME OF LATEST TRANSACTION | |
| control field | 20170124110041.0 |
| 010 ## - LIBRARY OF CONGRESS CONTROL NUMBER | |
| LC control number | A-609283 |
| 020 ## - INTERNATIONAL STANDARD BOOK NUMBER | |
| Terms of availability | 00.00 |
| International Standard Book Number | 0195632796 |
| 035 ## - SYSTEM CONTROL NUMBER | |
| System control number | A-609283 |
| 037 ## - SOURCE OF ACQUISITION | |
| Source of stock number/acquisition | Cen Lib/Ret |
| 040 ## - CATALOGING SOURCE | |
| Original cataloging agency | DPL |
| Language of cataloging | EN |
| 082 ## - DEWEY DECIMAL CLASSIFICATION NUMBER | |
| Classification number | 921 |
| Item number | DOU |
| 100 ## - MAIN ENTRY--PERSONAL NAME | |
| Personal name | Douglas, Ian Henderson |
| 9 (RLIN) | 23762 |
| 245 ## - TITLE STATEMENT | |
| Title | Abul Kalam Azad : |
| Statement of responsibility, etc | by Ian Henderson Douglas ; edited by Gail Minault [and] Christian W. Troll |
| Remainder of title | an intellectual and religious biography / |
| 260 ## - PUBLICATION, DISTRIBUTION, ETC. (IMPRINT) | |
| Place of publication, distribution, etc | New Delhi |
| Name of publisher, distributor, etc | Oxford University Press |
| Date of publication, distribution, etc | 1993 |
| 270 ## - ADDRESS | |
| Address | YMCA Library Building, Jai Singh Road |
| City | New Delhi |
| Postal code | 110001 |
| 300 ## - PHYSICAL DESCRIPTION | |
| Extent | xi,358p. |
| Dimensions | 21cm(Hb) |
| 650 ## - SUBJECT ADDED ENTRY--TOPICAL TERM | |
| Topical term or geographic name as entry element | Muslims |
| 9 (RLIN) | 12110 |
| 650 ## - SUBJECT ADDED ENTRY--TOPICAL TERM | |
| Topical term or geographic name as entry element | Statesmen |
| 9 (RLIN) | 8466 |
| 700 ## - ADDED ENTRY--PERSONAL NAME | |
| Personal name | Minault, Gail |
| 9 (RLIN) | 23763 |
| 700 ## - ADDED ENTRY--PERSONAL NAME | |
| Personal name | Troll, Christian W |
| 9 (RLIN) | 12460 |
| 942 ## - ADDED ENTRY ELEMENTS (KOHA) | |
| Source of classification or shelving scheme | Dewey Decimal Classification |
| Koha item type | English Books |
| Classification part | 921 |
| Call number suffix | DOU |
| Withdrawn status | Lost status | Damaged status | Not for loan | Home library | Current library | Date acquired | Source of acquisition | Cost, normal purchase price | Total Checkouts | Full call number | Barcode | Date last seen | Copy number | Cost, replacement price | Price effective from | Koha item type |
|---|---|---|---|---|---|---|---|---|---|---|---|---|---|---|---|---|
| Central Library | Central Library | 02/07/2015 | Cen Lib/Ret | 0.00 | 921 DOU | A-609283 | 02/07/2015 | 1 | 0.00 | 02/07/2015 | English Books |
